| 000 | 01037nam0a22002651 4500 | ||
|---|---|---|---|
| 001 | rc\751497 | ||
| 005 | 20040301142346.9 | ||
| 035 | _a(NLR Aleph) 006280005 | ||
| 090 |
_a7039432 _c7039432 |
||
| 100 | _a20040301d1985 u |0rusy50 ca | ||
| 101 | 0 | _arus | |
| 102 | _aRU | ||
| 105 | _aa ||||||||| | ||
| 200 | 1 |
_aЭкспериментальные исследования режимов энергосистем _f[Л.М. Горбунова, М.Г. Портной, Р.С. Рабинович и др.] _gПод ред. С.А. Совалова |
|
| 210 |
_aМ. _cЭнергоатомиздат _d1985 |
||
| 215 |
_a447 с. _cил. _d20 |
||
| 300 | _aАвт. указаны на обороте тит. л. | ||
| 320 | _aБиблиогр.: с. 436-444 (148 назв.) | ||
| 701 | 1 |
_aГорбунова _bЛ. М. _gЛидия Михайловна |
|
| 702 | 1 |
_aСовалов _bС. А. _gСоломон Абрамович _4340 |
|
| 801 | 0 |
_aRU _bNLR _gpsbo |
|
| 801 | 1 |
_aRU _bELAR _2rusmarc |
|
| 852 |
_aNLR _j85-3/14947 |
||
| 942 | _cBOOK | ||
| 980 | _aNB | ||